000 00897nam a2200205Ia 4500
001 8780
003 GE_BSU
008 181216s||||||||xx |||||||||||||| ||und||
040 _cGE_BSU
080 _a821.353.1–31
100 _aზურაბიშვილი,ილია
245 _aგაროზგილი:თვითმპყრობელობის დროინდელი ჯარისკაცის ცხოვრებიდან
245 _cრედ.ს.ჭილაია;მხატვ:ლ ქუთათელიძე
260 _aთბილისი
260 _bსაბჭ.მწერალი
260 _c1953
300 _a275გვ.15სმ
653 _aგაროზგილი:თვითმპყრობელობის დროინდელი ჯარისკაცის ცხოვრებიდან
942 _cBK
999 _c42090
_d42090